Movies Quiz

Random Movies or Actress Quiz

American Graffiti Cast Quiz Stats

 Plays Quiz not verified by Sporcle

Score 0/23 Timer 10:00
0 Plays Today
Character Actor/Actress % Correct
SteveRon Howard
93.8%
CurtRichard Dreyfuss
87.7%
Bob FalfaHarrison Ford
87.7%
LaurieCindy Williams
75.4%
DJWolfman Jack
72.3%
Blonde in T-BirdSuzanne Somers
67.7%
CarolMackenzie Phillips
58.5%
DebbieCandy Clark
55.4%
TerryCharles Martin Smith
49.2%
JohnPaul Le Mat
41.5%
JoeBo Hopkins
33.8%
PegKathleen Quinlan
27.7%
Character Actor/Actress % Correct
VicJoe Spano
21.5%
CarlosManuel Padilla, Jr.
15.4%
AntsBeau Gentry
12.3%
WendyDeby Celiz
12.3%
BobbieLynne Marie Stewart
10.8%
Mr. WolfeTerence McGovern
10.8%
Mr. GordonScott Beach
10.8%
JaneKay Lenz
10.8%
HolsteinJim Bohan
7.7%
BuddaJana Bellan
7.7%
EddieTimothy F. Crowley
6.2%

You're not logged in!

Compare scores with friends on all Sporcle quizzes.
OR
Log In

You Might Also Like...

Show Comments

Extras

Top Quizzes Today


Score Distribution

Your Account Isn't Verified!

In order to create a playlist on Sporcle, you need to verify the email address you used during registration. Go to your Sporcle Settings to finish the process.

Report this User

Report this user for behavior that violates our Community Guidelines.

Details: